000 01203cab a2200229 4500
001 E84511
008 090401t1996 xxu||||| |||| 00| 0 eng d
035 _a(Sirsi) u78908
041 _aeng
245 _aUnited Malt and Grain Distillers Ltd v Assessor for Highland Region and Western Isles Islands Area
260 _c1996
350 _a0
490 _aScots Law Times
_v1996 SLT 785-787(3)
520 _aLands Valuation Appeal Court. 10 August 1995. Valuation -entry - rateable occupation - division of subjects - vacant subjects, part of larger subjects, disponed subsequent to date of entry in deed - whether delivery and recording of disposition essential to create separate legal entity - whether agreement effective to create separation of subjects. Valuation - appeal - committee procedure - committee deciding appeal on basis of preliiminary point of assessor`s which went to heart of ratepayers` appeal - whether proper practice - whether prejudice suffered by ratepayers.
650 _aLANDS VALUATION APPEAL COURT
650 _aLVAC
650 _aRATEABLE OCCUPATION
650 _aValuation
_96273
690 _aRATING AND VALUATION-CASE LAW
942 _n0
948 _c12/06/1997
999 _c49595
_d49595